| 000 | 00524cam a2200193 i 4500 | ||
|---|---|---|---|
| 020 | _a0394322819 | ||
| 040 | _cDLC | ||
| 082 | 0 | 0 | _a616 RAN 1980 A055 Or. |
| 245 | 0 | 0 | _aAbnormal psychology, current perspectives / |
| 250 | _a3d ed. | ||
| 260 |
_aNew York : _bRandom House, _cc1980. |
||
| 300 |
_ax, 568, liv p. : _bill. ; _c26 cm. |
||
| 500 | _aIncludes indexes. | ||
| 650 | 0 | _aPsychology, Pathological. | |
| 650 | 2 | _aPsychopathology. | |
| 700 | 1 | _aBootzin, Richard R., | |
| 700 | 1 | _aAcocella, Joan Ross. | |
| 942 | _cEK | ||
| 999 |
_c15291 _d15291 |
||